000 00309nam a22001337a 4500
008 170412b xxu||||| |||| 00| 0 eng d
020 _a9780894808296
041 _aeng
080 _a618
100 _a10
101 _ashm
245 _aWHAT TO EXPECT WHEN YOURE EXPECTING
_cEISENBERG,A
942 _2udc
_cBK
999 _c10565
_d10565